| 000 | 00879nam0a2200289 4500 | ||
|---|---|---|---|
| 001 | RU\NLR\bibl\1916921 | ||
| 005 | 20260409075112.0 | ||
| 010 |
_a978-5-485-00343-2 _95000 |
||
| 021 |
_aRU _b2012-41138 _93041 |
||
| 035 | _a(NLR Aleph) 001906409 | ||
| 090 |
_a3116777 _c3116777 |
||
| 100 | _a20120622d2012 u y0rusy50 ca | ||
| 101 | 0 | _arus | |
| 102 | _aRU | ||
| 105 | _ay ||||||||| | ||
| 200 | 1 | _aО любви: Священное Писание и церковный опыт | |
| 210 |
_aМосква _cДаръ _d2012 |
||
| 215 |
_a159, [1] с. _d17 |
||
| 225 | 1 | _aСерия "Азы православия" | |
| 606 |
_aЛюбовь (религ.) _3RU\NLR\auth\661390813 _92325148 |
||
| 686 | _aЭ37-433.221.1 | ||
| 801 | 0 |
_aRU _bNLR _c20120622 _gRCR |
|
| 801 | 1 |
_aRU _bNLR _c20120622 |
|
| 942 | _cBOOK | ||
| 980 | _aNB | ||